|
|
|
|
| LEADER |
00000naa2a2200000 4500 |
| 001 |
392497 |
| 005 |
20231101064255.0 |
| 035 |
|
|
|a (RuTPU)RU\TPU\prd\27874
|
| 090 |
|
|
|a 392497
|
| 100 |
|
|
|a 20040914a2004 k y0rusy50 ca
|
| 101 |
0 |
|
|a rus
|
| 102 |
|
|
|a RU
|
| 200 |
1 |
|
|a Расчет коэффициента вытеснения нефти из пористой среды углеводородным газом под высоким давлением
|f В. К. Артюхович
|
| 225 |
1 |
|
|a Разработка и эксплуатация нефтяных месторождений
|
| 320 |
|
|
|a Библиогр.: 4 назв.
|
| 461 |
|
1 |
|0 (RuTPU)RU\TPU\prd\1638
|x 0028-2448
|t Нефтяное хозяйство
|o научно-технический производственный журнал
|d 1925-1940, 1946-
|
| 463 |
|
1 |
|0 (RuTPU)RU\TPU\prd\26603
|t № 4
|v С. 54-55
|d 2004
|
| 610 |
1 |
|
|a нефть
|
| 610 |
1 |
|
|a коэффициенты
|
| 610 |
1 |
|
|a расчет
|
| 610 |
1 |
|
|a вытеснение
|
| 610 |
1 |
|
|a углеводородные газы
|
| 610 |
1 |
|
|a пористая среда
|
| 610 |
1 |
|
|a давление
|
| 610 |
1 |
|
|a эмпирические формулы
|
| 610 |
1 |
|
|a исследование
|
| 675 |
|
|
|a 622.276.42
|v 3
|
| 700 |
|
1 |
|a Артюхович
|b В. К.
|
| 801 |
|
1 |
|a RU
|b 63413507
|c 20040914
|g PSBO
|
| 801 |
|
2 |
|a RU
|b 63413507
|c 20131028
|g RCR
|
| 942 |
|
|
|c BK
|